Regions of Italy by Coat of Arms - Statistics

General Stats
  • This quiz has been taken 52 times
  • The average score is 12 of 20
Answer Stats
Picture Answer % Correct
Sicily
100%
Sardinia
88%
Veneto
84%
Lombardy
77%
Lazio
67%
Tuscany
67%
Emilia-Romagna
60%
Friuli-Venezia Giulia
60%
Piedmont
60%
Trentino-Alto Adige/Südtirol
60%
Calabria
56%
Campania
56%
Liguria
56%
Marche
56%
Apulia
51%
Basilicata
51%
Umbria
51%
Abruzzo
44%
Aosta Valley
44%
Molise
44%
No matching quizzes found
Score Distribution
Percent of People with Each Score
Percentile by Number Answered
Your Score History
You have not taken this quiz